<?xml version="1.0" encoding="UTF-8"?>
<record
    xmlns:xsi="http://www.w3.org/2001/XMLSchema-instance"
    xsi:schemaLocation="http://www.loc.gov/MARC21/slim http://www.loc.gov/standards/marcxml/schema/MARC21slim.xsd"
    xmlns="http://www.loc.gov/MARC21/slim">

  <leader>00977nam0a2200253   4500</leader>
  <controlfield tag="001">RU\NLR\BIBL_A\012095010</controlfield>
  <controlfield tag="005">20250623205546.0</controlfield>
  <datafield tag="010" ind1=" " ind2=" ">
    <subfield code="9">12000</subfield>
  </datafield>
  <datafield tag="035" ind1=" " ind2=" ">
    <subfield code="a">(NLR Aleph) 012095010</subfield>
  </datafield>
  <datafield tag="090" ind1=" " ind2=" ">
    <subfield code="a">13296797</subfield>
    <subfield code="c">13296797</subfield>
  </datafield>
  <datafield tag="100" ind1=" " ind2=" ">
    <subfield code="a">20190917d1931    |||y0rusy50      ca</subfield>
  </datafield>
  <datafield tag="101" ind1="0" ind2=" ">
    <subfield code="a">chv</subfield>
  </datafield>
  <datafield tag="102" ind1=" " ind2=" ">
    <subfield code="a">RU</subfield>
  </datafield>
  <datafield tag="105" ind1=" " ind2=" ">
    <subfield code="a">y   z   000 y</subfield>
  </datafield>
  <datafield tag="200" ind1="1" ind2=" ">
    <subfield code="a">&#xC7;&#x438;&#x442;&#x11B;&#x43D;&#x43D;&#x438;&#x441;&#x435;&#x43D;&#x435; &#x432;&#x11B;&#x440;&#x435;&#x43D;&#x442;&#x43C;&#x435;&#x43B;&#x43B;&#x438; &#x43C;&#x435;&#x442;&#x442;&#x43E;&#x442;&#x11B;&#x43A;</subfield>
    <subfield code="e">"&#xC7;&#x11B;&#x43D;&#x11B; &#x439;&#x430;&#x43B;" &#x43F;&#x443;&#x43A;&#x432;&#x430;&#x440; &#x442;&#x103;&#x440;&#x103;&#x445; &#xE7;&#x438;&#x442;&#x11B;&#x43D;&#x43D;&#x438;&#x441;&#x435;&#x43D;&#x435; &#x432;&#x11B;&#x440;&#x435;&#x43D;&#x442;&#x43D;&#x11B;&#x447;&#x443;&#x445; &#x43A;&#x430;&#x448;&#x43D;&#x438; &#x443;&#x440;&#x43E;&#x43A;&#x430; &#x43C;&#x11B;&#x43D;&#x43B;&#x435; &#x432;&#x11B;&#x440;&#x435;&#x43D;&#x442;&#x441;&#x435; &#x438;&#x440;&#x442;&#x442;&#x435;&#x440;&#x43C;&#x435;&#x43B;&#x43B;&#x438;&#x43D;&#x435; &#x43A;&#x103;&#x442;&#x430;&#x440;&#x442;&#x441;&#x430; &#x43F;&#x430;&#x43D;&#x438;</subfield>
    <subfield code="f">&#x421;. &#x418;. &#x41A;&#x43E;&#x43B;&#x44C;&#x446;&#x43E;&#x432;&#x430;</subfield>
  </datafield>
  <datafield tag="210" ind1=" " ind2=" ">
    <subfield code="a">&#x41C;&#x443;&#x441;&#x43A;&#x430;&#x432;</subfield>
    <subfield code="c">&#x421;&#x421;&#x421;&#x420;-&#x442;&#x438; &#x445;&#x430;&#x43B;&#x4D1;&#x445;&#x441;&#x435;&#x43D; &#x442;&#x4D7;&#x43F; &#x438;&#x441;&#x442;-&#x432;&#x438;</subfield>
    <subfield code="d">1931</subfield>
  </datafield>
  <datafield tag="215" ind1=" " ind2=" ">
    <subfield code="a">65 &#x441;.</subfield>
    <subfield code="d">21</subfield>
  </datafield>
  <datafield tag="541" ind1="1" ind2=" ">
    <subfield code="a">&#x41C;&#x435;&#x442;&#x43E;&#x434;&#x440;&#x430;&#x437;&#x440;&#x430;&#x431;&#x43E;&#x442;&#x43A;&#x430; &#x43A; &#x431;&#x443;&#x43A;&#x432;&#x430;&#x440;&#x44E;&#x434;&#x43B;&#x44F; &#x432;&#x437;&#x440;&#x43E;&#x441;&#x43B;&#x44B;&#x445;</subfield>
  </datafield>
  <datafield tag="686" ind1="1" ind2=" ">
    <subfield code="a">&#x427;444</subfield>
  </datafield>
  <datafield tag="700" ind1=" " ind2="1">
    <subfield code="a">&#x41A;&#x43E;&#x43B;&#x44C;&#x446;&#x43E;&#x432;&#x430;</subfield>
    <subfield code="b">&#x421;. &#x41D;.</subfield>
  </datafield>
  <datafield tag="852" ind1=" " ind2=" ">
    <subfield code="a">NLR</subfield>
    <subfield code="b">&#x41E;&#x41D;&#x41B;</subfield>
    <subfield code="j">&#x427;&#x443;&#x432;./3-1710</subfield>
  </datafield>
  <datafield tag="942" ind1=" " ind2=" ">
    <subfield code="c">BOOK</subfield>
  </datafield>
  <datafield tag="980" ind1=" " ind2=" ">
    <subfield code="a">NB</subfield>
  </datafield>
  <datafield tag="995" ind1=" " ind2=" ">
    <subfield code="5">2019-09-17</subfield>
    <subfield code="b">NLR01</subfield>
    <subfield code="c">NLR01</subfield>
    <subfield code="e">ONL</subfield>
    <subfield code="f">1-1452621</subfield>
    <subfield code="k">&#x41E;&#x41D;&#x41B; &#x427;&#x443;&#x432;./3-1710</subfield>
    <subfield code="o">0</subfield>
    <subfield code="r">BOOK</subfield>
    <subfield code="s">_31710</subfield>
  </datafield>
</record>
